| 000 | 00769nam a2200229Ia 4500 | ||
|---|---|---|---|
| 003 | GCL | ||
| 008 | 140319s9999 xx 000 0 ara d | ||
| 040 |
_aGCL / _cGCL |
||
| 082 | 0 | 4 |
_a398.2 _bن ح |
| 100 | 1 | _aنيميروفسكى، الكسندر | |
| 245 | 1 | 0 |
_aحكايا العالم القديم / _cنيميروفسكى، الكسندر |
| 700 | 1 | _aفراس جلاحج | |
| 250 | _aالاولى | ||
| 260 |
_aسوريا : _bدار كنعان للدراسات والنشر ، _c2006 |
||
| 300 |
_a191 ص ؛ _c16 سم |
||
| 650 | 0 | 4 | _aالقصص التاريخية |
| 650 | 0 | 4 | _aالادب الشعبى |
| 650 | 0 | 4 | _aالقصص الخرافية |
| 650 | 0 | 4 | _aالاساطير |
| 650 | 0 | 4 | _aالعالم القديم - وصف ورحلات |
| 942 |
_2ddc _cBK |
||
| 999 |
_c8092 _d8092 |
||